La Reforma de los Agustinos y el Rmo. Arzobispo Valdivieso. Artículos publicados en La Revista Católica. Por el Pbdo. Carlos Silva Cotapos {viñeta}
Uloženo v:
| Hlavní autor: | |
|---|---|
| Médium: | Kniha |
| Jazyk: | španělština |
| Vydáno: |
Santiago
Imprenta de San José, Avenida Condell, 33
1909
|
| Vydání: | 1a. ed |
| Témata: | |
| Tagy: |
Přidat tag
Žádné tagy, Buďte první, kdo vytvoří štítek k tomuto záznamu!
|
MARC
| LEADER | 00000nam a2200000 a 4500 | ||
|---|---|---|---|
| 001 | UCJ4305 | ||
| 003 | CL-VaPUC | ||
| 005 | 20250103100400.0 | ||
| 008 | 070124e19090000CL |||||||||||||||||spa|d | ||
| 999 | |c 320422 |d 320420 | ||
| 040 | |c Pontificia Universidad Católica de Valparaíso | ||
| 082 | 0 | 4 | |a 922 |b SIL |2 21 |
| 100 | 0 | |a Silva Cotapos, Carlos |e author |9 507723 | |
| 245 | 1 | 3 | |a La Reforma de los Agustinos y el Rmo. Arzobispo Valdivieso. Artículos publicados en La Revista Católica. Por el Pbdo. Carlos Silva Cotapos {viñeta} |
| 250 | |a 1a. ed | ||
| 260 | |a Santiago |b Imprenta de San José, Avenida Condell, 33 |c 1909 | ||
| 300 | |a 49 p | ||
| 583 | |a last modification |c 20070124 00:00:00 |k Rodrigo Vera | ||
| 600 | 0 | 7 | |a LA REVISTA CATOLICA |2 CL-VaPUC |9 507414 |
| 600 | 0 | 7 | |a Maturana Cortínez, Víctor, |d 1862-1919 |9 863895 |
| 600 | 0 | 7 | |a VALDIVIESO, RAFAEL AGUSTIN |2 CL-VaPUC |9 507454 |
| 650 | 0 | |a Órdenes religiosas |9 257499 | |
| 650 | 0 | |a Agustinos |9 323857 | |
| 650 | 7 | |a DOCUMENTOS |2 CL-VaPUC |9 366450 | |
| 650 | 0 | |a Iglesia Católica |9 256114 | |
| 942 | |c BK |2 ddc | ||
| 945 | |d 20070124 00:00:00 |a rinostro | ||
| 952 | |0 0 |1 0 |4 0 |6 922_000000000000000_SIL_1909 |7 0 |8 X |9 398942 |a FDOBUD |b FDOBUD |d 2019-11-22 |i 1016555 |o 922 SIL 1909 |p 1016555 |r 2019-11-22 |w 2019-11-22 |y BK_X |k BUD | ||